Les condamnés à mort envoyés sur l'île de Kotaku dans Hell's Paradise - Statistiques

Statistiques générales
  • Ce quiz a été pris 4 fois
  • Le résultat moyen est 3 sur 10
Statistiques - réponses
Par images Réponse % Correct
Gabimaru le vide
100%
Aza Chobe
75%
Yuzuriha
50%
Nurugai
25%
Rokurota
25%
Tamiya Gantetsusai
25%
Akaginu
0%
Horubo
0%
Keiun le tordu
0%
Makiya Moro
0%
Aucun quiz correspondant
Distribution des résultats
% des personnes avec chaque résultat
Percentile par nombre de réponses
Votre historique - résultats
Vous n’avez pas pris ce quiz